| 000 | 00631nam a2200169 4500 | ||
|---|---|---|---|
| 999 |
_c16258 _d16258 |
||
| 008 | 210906b ||||| |||| 00| 0 eng d | ||
| 022 | _a0732-8435 | ||
| 082 | _aDPer 657.05 C33 Apr - Sept 2016, v86 n4-9 | ||
| 100 |
_aNix, Wayne E. _943577 |
||
| 245 |
_aMedical marijuana dispensaries face a harsh reception in federal court/ _cWayne E. Nix and Ray A. Knight. |
||
| 260 |
_aNew York: _bThe New York State Society of CPA, _c©2016. |
||
| 300 |
_av86 n5, pages 46-49: _billustration; _c28 cm. |
||
| 650 |
_aMarijuana. _943578 |
||
| 650 |
_aMedicine _xMarijuana. _943579 |
||
| 700 |
_aKnight, R. A. _eAuthor. _943580 |
||
| 942 |
_2ddc _cPER |
||